00323nam a2200133Ia 4500008004100000020001500041041001200056082001600068100001200084245003700096260003300133300000800166650001500174221030s9999 xx 000 0 und d a8173193215 aEnglish a105.23bGuh aE. Guha 0aBasic Thermodynamicscby E. Guha bNarosa Pub.aNew Delhic2002 a276 aMechanical